Fußball: Wappen deutscher Vereine – Sudden Death - Statistiken

Allgemein
  • Dieses Quiz wurde 5.211 mal gespielt
  • Das Durchschnittsergebnis liegt bei 13 aus 14
Answers on the Grid
Answers color-coded by a green-red scale on the quiz's grid according to % correct below.
Quadratisches Bild
 
Antwortstatistiken
Antwort % Korrekt
Hamburger SV Quadratisches Bild
93%
Schalke 04
92%
Fortuna Düsseldorf
92%
Hannover 96
92%
FC Kaiserslautern
92%
VfB Stuttgart
92%
VfL Wolfsburg
92%
Eintracht Frankfurt
92%
Spvgg Greuther Fürth
90%
Arminia Bielefeld
90%
Rot-Weiss Essen
89%
Preußen Münster
88%
SV Elversberg
84%
1. FC Saarbrücken
83%
Keine übereinstimmenden Quizze gefunden
Verteilung der Resultate
Anzahl Personen mit jedem Resultat
Perzentil nach korrekt beantworteten Fragen
Ihre Resultats-Entwicklung
Sie haben dieses Quiz noch nicht gespielt